[Event "Cat. 19"]
[Site "Dos Hermanas ESP"]
[Date "1999.04.06"]
[Round "1"]
[White "Gelfand,B"]
[Black "Korchnoi,V"]
[Result "1-0"]
[WhiteElo "2691"]
[BlackElo "2673"]

1. d4 d5 2. c4 dxc4 3. Nf3 e6 4. e3 Nf6 5. Bxc4 c5 6. O-O Nc6 7. Qe2 cxd4
8. Rd1 Be7 9. exd4 O-O 10. a3 Nd5 11. Nc3 Re8 12. Ba2 Bxa3 13. Nxd5 exd5
14. Qb5 Bd6 15. Bxd5 h6 16. Ne5 Bxe5 17. dxe5 Qc7 18. Bf4 Be6 19. Bf3 a6
20. Qc5 Rac8 21. Rac1 Qe7 22. Be3 Bb3 23. Qxe7 Rxe7 24. Rd3 Ba4 25. Bg4 Rd8
26. Rd6 Ra8 27. f4 Nd8 28. Rc8 Rxc8 29. Bxc8 Ne6 30. f5 Nf8 31. Bd4 Rc7 32.
Rd8 Bd7 33. Bxd7 Rxd7 34. Rxd7 Nxd7 35. Kf2 g6 36. g4 h5 37. e6 fxe6 38.
fxe6 Nb8 39. Kf3 Nc6 40. Bf6 Kf8 41. gxh5 gxh5 42. Ke4 Na7 43. Kd5 Ke8 44.
Bd4 Nb5 45. Bb6 Ke7 46. Ke5 Ke8 47. h3 Ke7 48. h4 Ke8 49. Kf6 Nd6 50. Kg6
Nc4 51. Bc5 b6 52. Bd4 Ke7 53. Kxh5 Kxe6 54. Kg6 Nd6 55. Bxb6 Nf5 56. h5
Ne7+ 57. Kg7 Nf5+ 58. Kg6 Nh4+ 59. Kg7 Nf5+ 60. Kf8 Kf6 61. Bd8+ Ke6 62.
Kg8 Nh6+ 63. Kg7 Nf7 64. Bc7 Kd5 1-0